000 01126nam a22002777a 4500
003 OSt
005 20201016111629.0
008 201016s2002 sp a|||br|||| 00| 0 spa d
020 _a8423663264
040 _aCO-JMCR
_cCO-JMCR
041 1 _aspa
_heng
082 0 4 _aC /
_bDELa
_223
100 1 _aDelgado, Josep-Francesc,
_eautor
_911623
245 1 2 _aY Alba dejó de tener miedo /
_cJosep-Francesc Delgado ; ilustraciones, Mercé Aránega ; traducción, Elisenda Vergés
260 _aBarcelona :
_bEdebé,
_c2002.
300 _a118 páginas :
_bilustraciones a color ;
_c17 cm.
490 _aTucán ;
_v169.
520 0 _aAlba era una niña bastante feliz. Era feliz en la escuela. Y también era feliz con sus padres. Sin embargo, Alba estaba preocupada por una cosa. Y aquella cosa si que era preocupación gorda. El miedo...
521 _aA partir de 6 años.
_bTapa posterior.
650 2 4 _aMonstruos
_911624
650 2 4 _aMiedo a la oscuridad
_911625
700 1 _aAránega, Marcé,
_eIlustrador
_911626
700 1 _aVergés, Elisenda,
_etraductora
_911627
942 _2ddc
_cBK
999 _c6929
_d6929